Southville International School and Colleges
Your cart is empty.
  • Cart
  • Lists
    Public lists Eva Luna New books Lux_list list_1
    Your lists Log in to create your own lists
  • Log in to your account
  • Your cookies
  • Search history
Southville International School and Colleges
  • Advanced search
  • Recent comments
  • Most popular
  • Libraries

Log in to your account

Log in with GOOGLE


If you do not have an external account, but do have a local account, you can still log in:

  1. Home
  2. MARC view: Parental Pressure and School Performance of Grade 4 and Garde 5 Students of SISC
Normal view MARC view ISBD view

Parental Pressure and School Performance of Grade 4 and Garde 5 Students of SISC (Record no. 290424)

[ view plain ]
MARC details
000 -LEADER
fixed length control field 00401nam a22001457a 4500
003 - CONTROL NUMBER IDENTIFIER
control field SISC
005 - DATE AND TIME OF LATEST TRANSACTION
control field 20170525085158.0
008 - FIXED-LENGTH DATA ELEMENTS--GENERAL INFORMATION
fixed length control field 160118b xxu||||| |||| 00| 0 eng d
100 ## - MAIN ENTRY--PERSONAL NAME
Personal name Kim, Keum Do
245 ## - TITLE STATEMENT
Title Parental Pressure and School Performance of Grade 4 and Garde 5 Students of SISC
Statement of responsibility, etc Kim, Keum Do
260 ## - PUBLICATION, DISTRIBUTION, ETC. (IMPRINT)
Date of publication, distribution, etc 2015
300 ## - PHYSICAL DESCRIPTION
Extent 20 p.
500 ## - GENERAL NOTE
General note Includes Bibliography
942 ## - ADDED ENTRY ELEMENTS (KOHA)
Source of classification or shelving scheme Library of Congress Classification
Koha item type Books

No items available.

Parental Pressure and School Performance of Grade 4 and Garde 5 Students of SISC

APA

Kim K. D., . (2015). Parental Pressure and School Performance of Grade 4 and Garde 5 Students of SISC. : .

Chicago

Kim Keum Do, . 2015. Parental Pressure and School Performance of Grade 4 and Garde 5 Students of SISC. : .

Harvard

Kim K. D., . (2015). Parental Pressure and School Performance of Grade 4 and Garde 5 Students of SISC. : .

MLA

Kim Keum Do, . Parental Pressure and School Performance of Grade 4 and Garde 5 Students of SISC. : . 2015.

  • Print
  • Cite
  • Add to your cart (remove)
  • Save record
    BIBTEX Dublin Core MARCXML MARC (non-Unicode/MARC-8) MARC (Unicode/UTF-8) MARC (Unicode/UTF-8, Standard) MODS (XML) RIS
  • More searches
    Search for this title in:
    Other Libraries (WorldCat) Other Databases (Google Scholar) Online Stores (Bookfinder.com) Open Library (openlibrary.org)

Exporting to Dublin Core...

SOUTHVILLE LIBRARY

Southville International School and Colleges Library

1281 Tropical Ave. Cor. Luxembourg St., BF Homes International, Las Pinas City

Tel. No. 8256374 / 252358 Loc. 117/146

Powered by Koha